| 000 | 02228nac a22003131u 4500 | ||
|---|---|---|---|
| 010 | _a 2005008714 | ||
| 020 | _a0521852455 (hardback) | ||
| 020 | _a0521617812 (pbk.) | ||
| 020 | _a9780521852456 | ||
| 020 | _a9780521617819 | ||
| 035 | _a(OCoLC)ocm58789444 | ||
| 082 | 0 | 0 |
_a322.1 _bHAN |
| 090 |
_c6698 _d6698 |
||
| 100 | _aHanson, Eric O. | ||
| 245 | 1 | 0 |
_aReligion and politics in the international system today / _cEric O. Hanson. |
| 260 |
_aCambridge [UK] ; _aNew York : _bCambridge University Press,2006 _c2006. |
||
| 300 |
_aix, 345 p. : _bill. ; _c24 cm. |
||
| 500 | _adistributer: Al-Ahram | ||
| 504 | _aIncludes bibliographical references and index. | ||
| 505 | 0 | _aIntroduction: the view from Silicon Valley -- Religion and politics in the new global paradigm -- A new paradigm for world politics? -- A political perspective on religion and politics -- A religious perspective on religion and politics -- The religions of the book, meditative experience, and public life -- Religion in contemporary world politics -- The west : Christianity, secularization, and immigration -- East Asia : modernization and ideology -- South and central Asia : the legacies of Gandhi and Khomeini and the bomb -- The Middle East and North Africa : Jewish and Islamic politics -- Latin America : indigenous religions, Christianity, and globalization -- Religion and politics for the next millennium -- Appendix I: Thirty years of Nobel Peace prize winners, 1975-2004 -- Appendix II: Paradigm chart and category questions. | |
| 511 | _acatalogued by: wessam | ||
| 650 | 0 | _aReligion and politics. | |
| 856 | 4 | 1 |
_3Table of contents only _uhttp://www.loc.gov/catdir/toc/ecip0510/2005008714.html |
| 856 | 4 | 1 |
_3Publisher description _uhttp://www.loc.gov/catdir/enhancements/fy0642/2005008714-d.html |
| 856 | 4 | 1 |
_3Contributor biographical information _uhttp://www.loc.gov/catdir/enhancements/fy0732/2005008714-b.html |
| 942 |
_cBB _k322.1HAN |
||
| 999 |
_c6698 _d6698 |
||